Godła państw Afryki - Statystyki

Ogólne statystyki
  • Ten quiz został rozwiązany 142 razy
    135 od ostatniego zresetowania
  • Średni wynik to 32 z 53
Statystyki odpowiedzi
Obrazkowy Odpowiedź % Poprawnych
Angola
96%
Burkina Faso
96%
Egipt
96%
Erytrea
93%
Kenia
89%
Liberia
88%
Mauretania
86%
Madagaskar
85%
Mali
85%
Niger
85%
Mozambik
83%
Namibia
83%
Etiopia
81%
Algieria
78%
Rwanda
78%
Togo
76%
Maroko
74%
Somalia
74%
Gwinea Równikowa
71%
Republika Środkowoafrykańska
71%
Sudan Południowy
71%
Tanzania
71%
Komory
70%
Zambia
70%
Gwinea
68%
Tunezja
68%
Eswatini
65%
Botswana
64%
Gabon
64%
Republika Zielonego Przylądka
60%
Kongo
58%
Wybrzeże Kości Słoniowej
56%
Ghana
54%
Libia
50%
Sudan
50%
Zimbabwe
44%
Wyspy Świętego Tomasza i Książeca
43%
Demokratyczna Republika Konga
41%
Gwinea Bissau
40%
Uganda
39%
Dżibuti
38%
Mauritius
36%
Seszele
35%
Burundi
33%
Czad
33%
Malawi
33%
Nigeria
31%
Senegal
31%
Republika Południowej Afryki
29%
Benin
28%
Lesotho
28%
Gambia
23%
Sierra Leone
23%
Nie znaleziono quizów pasujących do podanych kryteriów
Rozkład punktacji
Procent ludzi z każdym wynikiem
Percentyl według liczby udzielonych odpowiedzi
Twoja historia wyników
Nie rozwiązałeś tego quizu od ostatniego zresetowania